[Event "Stuttgart-chB int"]
[White "Schiller, Anna Katharina"]
[Black "Straub, Reiner"]
[Site "Ditzingen"]
[Round "1"]
[Result "1-0"]
[Date "2009.05.21"]
[WhiteElo "1508"]
[BlackElo "1736"]
[PlyCount "29"]
[EventDate "2009.05.21"]
[EventType "swiss"]
[EventRounds "7"]
[EventCountry "GER"]
[SourceTitle "EXT 2018"]
[Source "ChessBase"]
[SourceDate "2017.10.13"]
[SourceVersion "1"]
[SourceVersionDate "2017.10.13"]
[SourceQuality "1"]

1. e4 e5 2. Nf3 d6 3. d4 exd4 4. Nxd4 Nf6 5. Nc3 Be7 6. Bc4 0-0 7. 0-0 Nc6 8. Be3 Ne5 9. Bb3 Bg4 10. f3 Bh5 11. Nf5 Bg6 12. Nh4 Nxe4 13. Nxg6 Bg5 14. Bxg5 Nxg5 15. Nxf8 1-0